01276nam a2200241 a 450000100100000000500170001000800410002704000250006808200160009310000450010924501070015425000110026126000360027230000270030850000790033504900090041495201200042395201200054395201200066395201140078395201200089799900170101700001896020220328111526.0100521s1984 dr c 000 0 spa d aDO-SdBNPbspacBNPHU axxxxbP421d1 aPepén, Juan F. q (Juan Felix)91317410aDonde floreció el naranjo. La Altagracia :borigen y significado de su culto /cMons. Juan F. Pepen. a3a ed. aSanto Domingo :b[s.n.],c1984. a83 p. :bil. ;c22 cm. aTextos de la Biblia de la traducción de L. Alonso Scköel y Juan Mateos aBNPD 0010718DSaGRbGRcCTd2011-03-01iLF1l0oxxxx P421dp18960-30r2020-06-25te. 3w2020-06-25yLFDSZNo se presta 0010718DSaGRbGRcCTd2011-03-01iLF1l0oxxxx P421dp18960-40r2020-06-25te. 4w2020-06-25yLFDSZNo se presta 0010718DSaGRbGRcCTd2011-03-01iLF1l0oxxxx P421dp18960-50r2020-06-25te. 5w2020-06-25yLFDSZNo se presta 0010718PDaPDbPDcCTd2010-05-21iLF1l0oxxxx P421dp18960-10r2020-06-25w2020-06-25yLFPDZNo se presta 0010718PDaPDbPDcCTd2010-07-30iLF1l0oxxxx P421dp18960-20r2020-06-25te. 2w2020-06-25yLFPDZNo se presta c18478d18478